|
|
|
|
| LEADER |
01058nam a22002777a 4500 |
| 001 |
31213 |
| 003 |
BD-DhAAL |
| 005 |
20190519123245.0 |
| 008 |
160811s2014 bg ||||| |||| 00| 0 eng d |
| 999 |
|
|
|c 37756
|d 37756
|
| 020 |
|
|
|a 9781457187360
|
| 040 |
|
|
|a BD-DhAAL
|c BD-DhAAL
|
| 082 |
|
|
|2 23
|a 621.988
|
| 100 |
|
|
|a Bernier, Samuel N.
|9 20314
|
| 245 |
|
|
|a Make :
|b design for 3D printing /
|c Samuel N. Bernier, Bertier Luyt & Tatiana Reinhard
|
| 260 |
|
|
|a San Francisco :
|b Maker Media, Inc.,
|c 2014
|
| 300 |
|
|
|a ix, 31213 pages :
|b illustrations ;
|c 25 cm.
|
| 500 |
|
|
|a Includes index.
|
| 526 |
|
|
|a ARC
|
| 541 |
|
|
|e 31213
|
| 650 |
|
|
|a Three-dimensional printing
|9 20315
|
| 700 |
|
|
|a Luyt, Bertier.
|9 20316
|
| 700 |
|
|
|a Reinhard, Tatiana
|9 20317
|
| 852 |
|
|
|a Ayesha Abed Library
|c General stacks
|
| 942 |
|
|
|2 ddc
|c BK
|
| 952 |
|
|
|0 0
|1 0
|2 ddc
|4 0
|6 621_988000000000000_BER
|7 0
|9 59541
|a BRACUL
|b BRACUL
|c GEN
|d 2016-08-11
|e Karim International
|g 2380.00
|l 1
|m 18
|o 621.988 BER
|p 3010031213
|r 2025-09-08
|s 2025-04-06
|t 1
|w 2016-08-11
|y BK
|x Transferred from ARC to BRACUL on 28/12/2023
|